000 00364nam a2200133Ia 4500
008 230524s9999 xx 000 0 und d
020 _a9788131729311
100 _aJon M. Huntsman
_936660
245 0 _aWinners Never Cheat: Even in Difficult Times
260 _bPearson
500 _aQuantity Number: 1
650 _aPersonality Development
_936661
942 _cBK
999 _c50691
_d50691